000
00344nam a2200157Ia 4500
003
OSt
005
20240203114241.0
008
170523s9999 xx 000 0 und d
020
_a
978-9353067229
040
_c
IIMT UNIVERSITY
100
_a
ROBBINS- SP
245
0
_a
MANAGEMENT
260
_b
NEW DELHI PHI
260
_c
2000
942
_2
ddc
_c
01
999
_c
926
_d
926